000 00506nam a2200181 i 4500
001 80122
003 ES-MaACL
005 20250723094628.0
007 t|
008 041026s1920 fr ||||1| fre d
100 1 _aHickisch, L.
_963550
245 1 3 _aLa Chimie áa la portée de tous /
_cL. Hickisch.
260 _aParis :
_bDunod,
_c1920 (
_eEvreux :
_fCh. Herissey)
300 _a445 p. :
_bil. ;
_c21 cm.
650 0 7 _aQuímica
_2embne
_916625
852 _aES-MaACL
_jF-1543
999 _c80122
_d80122